La valle delle bambole : romanzo /

সংরক্ষণ করুন:
গ্রন্থ-পঞ্জীর বিবরন
প্রধান লেখক: Susann, Jacqueline (লেখক)
বিন্যাস: গ্রন্থ
ভাষা:ইতালিয়
প্রকাশিত: Milano : Garzanti, 1976
সংস্করন:3. ed
মালা:I Garzanti ; 522
ট্যাগগুলো: ট্যাগ যুক্ত করুন
কোনো ট্যাগ নেই, প্রথমজন হিসাবে ট্যাগ করুন!

MARC

LEADER 00000nam a22000007i 4500
001 IT\ICCU\TO0\0375254
003 ItRI
005 20250731133624.0
008 960710s1976 it |||||| ||||| |||||c
040 |b ita  |c ct 
041 7 |a ita  |2 ISO-639-2 
100 1 |a Susann, Jacqueline  |0 IT\ICCU\CFIV\000622  |4 aut 
240 1 0 |a Valley of the dolls  |9 Susann, Jacqueline 
245 1 3 |a La valle delle bambole :  |b romanzo /  |c Jacqueline Susann. 
250 |a 3. ed 
260 |a Milano :  |b Garzanti,  |c 1976 
300 |a 463 p. ;  |c 18 cm. 
830 2 |a I Garzanti ;  |v 522  |0 IT\ICCU\CFI\0000917 
942 |2 ddc  |c BK 
952 |0 0  |1 0  |2 ddc  |4 0  |6 B_LNR02SUSJAVAL11  |7 0  |9 8434  |a MI  |b MI  |d 1988-12-29  |i 1519  |l 0  |o B-LNR02-SUSJA-VAL11  |p CDOM1519  |r 2025-07-17 21:50:27  |w 2025-07-17  |x ACQUISTO  |y BK 
981 1 |6 z01  |a i   |b xxxe  
982 1 |6 z01  |a n 
999 |c 7019  |d 7019